| 000 | 00684nam a22002297a 4500 | ||
|---|---|---|---|
| 003 | OSt | ||
| 005 | 20140310182352.0 | ||
| 008 | 130930t xxu||||| |||| 00| 0 eng d | ||
| 020 | _a0-449-13381-8 | ||
| 050 |
_aPN 6728 _b.K24 1991 |
||
| 082 |
_aGS 741.5973 _bK19 1989 |
||
| 100 |
_aKeane, Bil _922210 |
||
| 245 |
_aBaby on board / _cBil Keane. |
||
| 260 |
_aNew York : _bBallantine Books, _c1991. |
||
| 300 |
_a100 p. : _bill. ; _c18 cm. |
||
| 440 |
_aFamily Circus _922211 |
||
| 650 |
_aFamily _xCaricatures and cartoons. _922212 |
||
| 650 |
_aAmerican wit and humor, Pictorial. _91156 |
||
| 650 |
_aKeane family _xPortrait, etc. _922213 |
||
| 942 |
_2lcc _cBK-GS |
||
| 999 |
_c12391 _d12391 |
||